Drafting corporate and commercial agreements : (Record no. 94085)

MARC details
000 -LEADER
fixed length control field 00733nam a22002177a 4500
005 - DATE AND TIME OF LATEST TRANSACTION
control field 20150721150722.0
010 ## - LCCN (DPL NO)
LC control number ENG-113192
020 ## - INTERNATIONAL STANDARD BOOK NUMBER
International Standard Book Number 9789350350867
Terms of availability 1395.00
035 ## - SYSTEM CONTROL NUMBER
System control number EN-96724
037 ## - SOURCE OF ACQUISITION
Source of stock number/acquisition DBAD/PUB
082 ## - DEWEY DECIMAL CLASSIFICATION NUMBER
Classification number 346.54066
100 ## - MAIN ENTRY--PERSONAL NAME
Personal name Ryder, Rodney D.
245 ## - TITLE STATEMENT
Title Drafting corporate and commercial agreements :
Statement of responsibility, etc by Rodney D. Ryder ; assisted by V. Durga Rao
Remainder of title legal drafting guidelines, forms and precedents /
250 ## - EDITION STATEMENT
Edition statement 2nd ed
260 ## - PUBLICATION, DISTRIBUTION, ETC. (IMPRINT)
Place of publication, distribution, etc Delhi
Name of publisher, distributor, etc Universal Law Publishing
Date of publication, distribution, etc 2011
270 ## - ADDRESS
Address A-58, G.T. Karnal Road Industrial Area,
City Delhi
Postal code 110033
300 ## - PHYSICAL DESCRIPTION
Extent lxxv,1694p.
Dimensions 25cm(Hb)
500 ## - GENERAL NOTE
General note Includes index
700 ## - ADDED ENTRY--PERSONAL NAME
Personal name Durga Rao, V.
942 ## - ADDED ENTRY ELEMENTS (KOHA)
Source of classification or shelving scheme Dewey Decimal Classification
Item type English Books
Call number suffix RYD
Classification part 346.54066
Holdings
Withdrawn status Lost status Not for loan Collection code Home library Current library Date acquired Source of acquisition Cost, normal purchase price Full call number Barcode Copy number Cost, replacement price Koha item type
    Not For Loan Non-fiction D.B.Act.Division D.B.Act.Division 04/06/2015 DBAD/PUB 1395.00 346.54066 RYD EN-96724 1 1395.00 English Books

© Delhi Public Library
Hit Counter
free hit counter